Mysterious Messages : (Record no. 5266)

MARC details
000 -LEADER
fixed length control field 01045nam a22003017a 4500
001 - CONTROL NUMBER
control field 5266
003 - CONTROL NUMBER IDENTIFIER
control field FISKH
005 - DATE AND TIME OF LATEST TRANSACTION
control field 20241121153601.0
008 - FIXED-LENGTH DATA ELEMENTS--GENERAL INFORMATION
fixed length control field 241121b cb ||||| |||| 00| 0 eng d
020 ## - INTERNATIONAL STANDARD BOOK NUMBER
International Standard Book Number 9780545290081
040 ## - CATALOGING SOURCE
Original cataloging agency FISKH
Language of cataloging eng
Transcribing agency FISKH
Modifying agency FISKH
050 ## - LIBRARY OF CONGRESS CALL NUMBER
Classification number Z103.B53
082 ## - DEWEY DECIMAL CLASSIFICATION NUMBER
Classification number 652.8
100 ## - MAIN ENTRY--PERSONAL NAME
Personal name Blackwood, Gary
245 ## - TITLE STATEMENT
Title Mysterious Messages :
Remainder of title A History of Codes and Ciphers /
Statement of responsibility, etc. by Gary Blackwood
250 ## - EDITION STATEMENT
Edition statement First Scholastic printing, September 2010
260 ## - PUBLICATION, DISTRIBUTION, ETC.
Place of publication, distribution, etc. New York :
Name of publisher, distributor, etc. Scholastic ;
Date of publication, distribution, etc. 2009.
300 ## - PHYSICAL DESCRIPTION
Extent 170 pages :
Other physical details illustrations ;
Dimensions 19 cm .
505 ## - FORMATTED CONTENTS NOTE
Formatted contents note Z <br/>
520 ## - SUMMARY, ETC.
Summary, etc. From the ingenious ciphers of Italian princes to the spy books of the Civil War to the advanced techniques of the CIA, codes and code breaking have played important roles throughout history.
521 8# - TARGET AUDIENCE NOTE
Target audience note 1150 <br/>
Source Lexile <br/>
521 8# - TARGET AUDIENCE NOTE
Target audience note Z <br/>
Source Raz-Plus <br/>
650 ## - SUBJECT ADDED ENTRY--TOPICAL TERM
Topical term or geographic name entry element cryptography
Form subdivision non-fiction
650 ## - SUBJECT ADDED ENTRY--TOPICAL TERM
Topical term or geographic name entry element espionage
Form subdivision non-fiction
700 ## - ADDED ENTRY--PERSONAL NAME
Personal name Henry, Jason
Dates associated with a name illustrator
942 ## - ADDED ENTRY ELEMENTS (KOHA)
Source of classification or shelving scheme Dewey Decimal Classification
Koha item type Books
Suppress in OPAC No
Holdings
Withdrawn status Lost status Source of classification or shelving scheme Damaged status Not for loan Collection Home library Current library Shelving location Date acquired Total Checkouts Full call number Barcode Date last seen Price effective from Koha item type
    Dewey Decimal Classification     Non-Fiction Footprints International School Library Network Toul Kork Campus Footprints International School Library Network Toul Kork Campus TTP Secondary Non-Fiction Bookshelves 11/21/2024   BLA 652.8 Z103.B53 FISSE00324 11/21/2024 11/21/2024 Books